000 01349nam a22003497a 4500
003 OSt
005 20250414160550.0
008 250130b |||||||| |||| 00| 0 eng d
020 _a9780323445481 (hardcover)
040 _aNUST
_beng
_cNUST
_dNUST
_erda
050 _aRG628 OBS
245 _aObstetric imaging :
_bfetal diagnosis and care /
_cedited by Joshua A Copel, Mary E D'Alton, Helen Feltovich, Eduard Gratacós, Deborah Krakow, Anthony O Odibo, Lawrence D and Platt Boris Tutschek.
250 _aSecond edition.
260 _aPhiladelphia, PA :
_bElsevier,
_c2018.
300 _axxvi, 745 pages :
_bIllustrations ;
_c29 cm.
336 _2rdamedia
_atext
_btxt
337 _2rdamedia
_aunmediated
_bn
338 _2rdamedia
_avolume
_bnc
504 _aIncludes bibliographical references and index.
650 _vCongenital Abnormalities -- diagnostic imaging.
650 _vFetus -- abnormalities.
650 _vPrenatal Diagnosis.
700 _aCopel, Joshua A
_eEditor
700 _aD'Alton, Mary E
_eEditor
700 _aFeltovich, Helen
_eEditor
700 _aGratacós, Eduard
_eEditor
700 _aKrakow, Deborah
_eEditor
700 _aOdibo, Anthony O
_eEditor
700 _aPlatt, Lawrence D
_eEditor
700 _aTutschek, Boris
_eEditor
942 _2lcc
_cBOOKS
_eSecond edition.
_hRG628 OBS
_kRG
_mOBS
_n0
999 _c171224
_d171224